Statistics for Most Countries in Africa You Can Name in 2 Minutes

Click here to take the quiz!

General Stats

  • This quiz has been taken 12,642 times
    (12,592 since last reset)
  • The average score is 38 of 54

Answer Stats

African Country % Correct
Egypt
90%
Algeria
89%
South Africa
86%
Niger
84%
Sudan
82%
Nigeria
81%
Libya
81%
Democratic Republic of the Congo
81%
Chad
80%
Kenya
80%
Republic of the Congo
79%
Morocco
79%
Angola
79%
South Sudan
78%
Mali
78%
Ghana
77%
Tunisia
77%
Zambia
77%
Zimbabwe
77%
Ethiopia
77%
Guinea
73%
Botswana
73%
Somalia
73%
Lesotho
72%
Tanzania
72%
Rwanda
72%
Madagascar
71%
Benin
71%
Eritrea
71%
Uganda
71%
Namibia
70%
Togo
70%
Gambia
69%
Liberia
67%
Senegal
67%
Mozambique
66%
Cameroon
66%
Gabon
66%
Malawi
66%
Burundi
66%
Djibouti
65%
Swaziland
65%
Mauritania
65%
Cote d'Ivoire
64%
Guinea-Bissau
63%
Central African Republic
62%
Burkina Faso
60%
Cape Verde
60%
Sierra Leone
59%
Comoros
58%
Mauritius
57%
Seychelles
56%
Sao Tome and Principe
54%
Equatorial Guinea
52%

Score Distribution

Percentile by Number Answered

Percent of People with Each Score

Your Score History

You have not taken this quiz since the last reset